000 00914nab a2200265uu 4500
001 14330
003 HDC
007 cr aa aaaau
008 210214p9999 ||||| |||| 00| 0 eng d
040 _aHDC
100 _aMorgan, Sandra
_eauthor
_914897
245 0 _aGossypol Toxicity in Livestock / by
_cSandra Morgan
260 _a[no place] :
_b[publisher not identified]
_c[no year]
300 _a1 online resource (2 pages )
336 _atext
_2rdacontent
337 _acomputer
_2rdamedia
338 _aonline resource
_2rdacarrier
650 _aGossypol Toxicity
_914898
650 _aLivestock
_92405
710 _aDivision of Agricultural Sciences and Natural Resources
856 _zRequest full-text at [email protected]
942 _2lcc
942 _cAR
942 _kJART 003398
999 _c11646
_d11646